[Event "Fyrlandskampen 1999"]
[Site "?"]
[Date "????.??.??"]
[Round "1.1"]
[White "Johannessen, Leif-E."]
[Black "Kallio, Heikki"]
[Result "1/2-1/2"]
[WhiteElo "2356"]
[BlackElo "2360"]
[PlyCount "42"]

1. d4 Nf6 2. c4 c5 3. d5 b5 4. cxb5 a6 5. f3 e6 6. e4 exd5 7. exd5 Qe7+ {0.22/8
} 8. Kf2 Bb7 9. Nc3 Qe5 10. Nh3 c4 11. Be3 Nxd5 12. Nxd5 Bxd5 13. Nf4 Be6 14.
Nxe6 {-0.53/6} 14... fxe6 15. Bxc4 {-0.56/7} 15... Bc5 16. Qd2 axb5 17. Be2 Nc6
18. Rhd1 O-O 19. Bxc5 Qxc5+ 20. Qe3 Qxe3+ 21. Kxe3 Nb4 1/2-1/2

[Event "Fyrlandskampen 1999"]
[Site "?"]
[Date "????.??.??"]
[Round "1.2"]
[White "Karttunen, Mika"]
[Black "Hansen, Torbjoern"]
[Result "1-0"]
[WhiteElo "2284"]
[BlackElo "2259"]
[PlyCount "57"]

1. Nf3 Nf6 2. g3 g6 3. Bg2 Bg7 4. O-O O-O 5. d3 d5 6. Nbd2 c5 7. e4 Nc6 8. Re1
Qc7 9. h3 Rd8 10. Qe2 dxe4 11. dxe4 Nd4 12. Nxd4 cxd4 13. e5 Nd5 14. Nf3 Qc5
15. Rd1 Nb4 16. c3 Nc6 17. cxd4 Nxd4 18. Nxd4 Rxd4 19. Be3 Rxd1+ 20. Qxd1 Qc7
21. Rc1 Qd7 22. Qxd7 Bxd7 23. Rc7 Be6 24. f4 Bxa2 25. Rxb7 f6 26. Rxe7 Rb8 27.
Rxa7 Be6 28. Bd4 fxe5 29. Rxg7+ 1-0

[Event "Fyrlandskampen 1999"]
[Site "?"]
[Date "????.??.??"]
[Round "1.3"]
[White "Lie, Kjetil"]
[Black "Lehtinen, Heikki"]
[Result "1-0"]
[WhiteElo "2206"]
[BlackElo "2224"]
[PlyCount "68"]

1. e4 c5 2. d4 cxd4 3. c3 d5 4. exd5 Qxd5 5. cxd4 Nc6 6. Nf3 e6 7. Nc3 Qd6 8.
Nb5 Qb8 9. Bd3 a6 10. Nc3 Nf6 11. O-O Be7 12. Qe2 O-O 13. Bg5 b5 14. Bxf6 gxf6
15. Qe4 f5 16. Qxc6 Ra7 17. Ne1 Bb7 18. Qb6 Bd6 19. d5 Bxh2+ 20. Kh1 Bc7 21.
Qe3 b4 22. Qg5+ Kh8 23. Qf6+ Kg8 24. dxe6 fxe6 25. Qxe6+ Kh8 26. Ne2 Qd8 27.
Kg1 Bd5 28. Qh6 Rf6 29. Qh4 Qf8 30. Qd4 Qd6 31. Nf4 Bb8 32. Qxd5 Qxf4 33. Qd8+
Kg7 34. g3 Qe5 1-0

[Event "Fyrlandskampen 1999"]
[Site "?"]
[Date "????.??.??"]
[Round "1.4"]
[White "Molander, Riku"]
[Black "Hersvik, Daniel"]
[Result "1-0"]
[WhiteElo "2234"]
[BlackElo "2165"]
[PlyCount "76"]

1. e4 c5 2. Nf3 d6 3. d4 cxd4 4. Nxd4 Nf6 5. Nc3 g6 6. Be3 Bg7 7. f3 O-O 8. Qd2
Nc6 9. Bc4 Bd7 10. O-O-O Qa5 11. Bb3 Rfc8 12. Rhe1 Ne5 13. Bg5 Rc5 14. f4 Nc6
15. e5 dxe5 16. Bxf7+ Kxf7 17. Nb3 Qb4 18. Nxc5 Qxc5 19. Bxf6 Bxf6 20. Qxd7 Rd8
21. Qxb7 Rb8 22. Ne4 Qxc2+ 23. Kxc2 Rxb7 24. Nxf6 Kxf6 25. fxe5+ Ke6 26. Re3
Rb5 27. a3 h5 28. b4 Rb8 29. Rc3 Nxe5 30. Rc5 Ng4 31. Re1+ Kf6 32. h3 Nh6 33.
Rc6+ Kg5 34. h4+ Kf4 35. Rxg6 Nf5 36. g3+ Nxg3 37. Rxe7 Nf5 38. Rf6 Kg4 1-0

[Event "Fyrlandskampen 1999"]
[Site "?"]
[Date "????.??.??"]
[Round "1.5"]
[White "Moen, Andreas"]
[Black "Sorsa, Nuutti"]
[Result "0-1"]
[WhiteElo "2235"]
[BlackElo "2187"]
[PlyCount "120"]

1. d4 Nf6 2. Nf3 e6 3. Bg5 h6 4. Bh4 c5 5. c4 cxd4 6. Nxd4 Nc6 7. Nc3 Be7 8. e4
Qa5 9. Nb3 Qb6 10. Qe2 d6 11. f4 Nxe4 12. Qxe4 Bxh4+ 13. g3 Be7 14. O-O-O a5
15. Bg2 a4 16. Nd4 Nxd4 17. Qxd4 Qxd4 18. Rxd4 Ra6 19. Nb5 O-O 20. Rhd1 Rd8 21.
Nc7 Ra5 22. Nb5 d5 23. Nc3 Bf6 24. R4d3 d4 25. Nb5 e5 26. fxe5 Bg5+ 27. Kc2 Bf5
28. Bxb7 Re8 29. g4 Bg6 30. Re1 Be3 31. Nd6 Bxd3+ 32. Kxd3 Rexe5 33. Bd5 Rexd5
34. cxd5 Rxd5 35. Nf5 Rb5 36. Nxe3 dxe3 37. Re2 Rb4 38. h3 h5 39. gxh5 Kh7 40.
Kxe3 Rh4 41. Kf3 Rxh3+ 42. Kg4 Rh1 43. Re4 Rg1+ 44. Kf5 a3 45. bxa3 Kh6 46. Rh4
Rg2 47. Rh3 Rxa2 48. Ke5 Rg2 49. Kd4 Rg4+ 50. Kc5 f5 51. Kb6 Re4 52. Kb5 f4 53.
a4 Re3 54. Rh1 f3 55. Kc4 f2 56. Rf1 Rf3 57. Kd4 Kxh5 58. a5 Kg4 59. a6 Kg3 60.
a7 Ra3 0-1

[Event "Fyrlandskampen 1999"]
[Site "Helsinki"]
[Date "????.??.??"]
[Round "1.6"]
[White "Lehtinen, Antti"]
[Black "Christenson, Flemming"]
[Result "0-1"]
[WhiteElo "2167"]
[BlackElo "2223"]
[PlyCount "60"]
[EventDate "1999.12.11"]

1. e4 e6 2. d4 d5 3. e5 c5 4. c3 Nc6 5. Nf3 Bd7 6. a3 f6 7. Bd3 Qc7 8. Bf4 c4
9. Bc2 f5 10. Nbd2 Na5 11. Ng5 Ne7 12. h4 h6 13. Nh3 O-O-O 14. Qf3 g6 15. O-O
Nec6 16. b4 cxb3 17. Nxb3 Be7 18. Bg3 g5 19. hxg5 hxg5 20. Qe2 f4 21. Bh2 Nxb3
22. Bxb3 Na5 23. Rfb1 Kb8 24. Qb2 Rc8 25. Rc1 f3 26. Rab1 g4 27. Nf4 Bg5 28.
Bg3 Bxf4 29. Bxf4 Bc6 30. Bc2 Qf7 0-1

[Event "Fyrlandskampen 1999"]
[Site "?"]
[Date "????.??.??"]
[Round "1.8"]
[White "Liitiaeinen, Elia"]
[Black "Lie, Espen"]
[Result "0-1"]
[WhiteElo "2017"]
[BlackElo "2105"]
[PlyCount "72"]

1. d4 d5 2. Nf3 Nf6 3. Bf4 e6 4. e3 Bd6 5. Bg3 O-O 6. Bd3 Ne4 7. Nbd2 f5 8. c4
c6 9. Bxd6 Qxd6 10. O-O Nd7 11. Qc2 Qe7 12. Rfe1 g5 13. Nf1 h5 14. N3d2 g4 15.
Ng3 Qf7 16. Ne2 h4 17. Nf4 Ndf6 18. Be2 Qg7 19. Nf1 Ng5 20. Kh1 Rf7 21. b4 Qh6
22. b5 Nfe4 23. Bd3 dxc4 24. Bxe4 Nxe4 25. bxc6 bxc6 26. Kg1 c3 27. Qa4 h3 28.
gxh3 Ng5 29. Reb1 Bb7 30. Qa5 c2 31. Rc1 c5 32. Nd2 Nxh3+ 33. Nxh3 Qxh3 34. e4
fxe4 35. Nf1 e3 36. Nxe3 Qf3 0-1

[Event "Fyrlandskampen 1999"]
[Site "?"]
[Date "????.??.??"]
[Round "1.9"]
[White "Ekeberg, Carl Fredrik"]
[Black "Kapanen, Konsta"]
[Result "0-1"]
[WhiteElo "1900"]
[BlackElo "1956"]
[PlyCount "150"]

1. d4 Nf6 2. c4 c5 3. d5 b5 4. cxb5 a6 5. bxa6 Bxa6 6. Nc3 g6 7. e4 Bxf1 8.
Kxf1 d6 9. g3 Bg7 10. Kg2 O-O 11. Nf3 Nbd7 12. Re1 Qb6 13. Qe2 Rfb8 14. Nd2 Ne8
15. f4 Nc7 16. Nc4 Qa6 17. Bd2 e6 18. Rad1 exd5 19. exd5 Nb6 20. Nxb6 Qxe2+ 21.
Rxe2 Rxb6 22. Be1 Bd4 23. Bf2 Bxc3 24. bxc3 Rba6 25. Rdd2 Nb5 26. Rc2 Ra3 27.
Be1 Kf8 28. Kf2 R8a4 29. Kg2 Rc4 30. Re3 Nc7 31. Rd3 Nb5 32. Re3 Nc7 33. Rd3
Ke7 34. h3 Kd7 35. Kf2 Nb5 36. Re3 Nc7 37. Rd3 Rca4 38. Rdd2 Nb5 39. Re2 Nc7
40. Red2 Re4 41. Rd3 Na6 42. Rb2 Rea4 43. Rd1 Rxa2 44. Rxa2 Rxa2+ 45. Rd2 Ra4
46. Kf3 Ra3 47. Rd1 Nc7 48. Kg4 f6 49. f5 h5+ 50. Kh4 Ra4+ 51. g4 gxf5 52. Kxh5
fxg4 53. hxg4 Re4 54. Bh4 Ke7 55. g5 fxg5 56. Bxg5+ Kd7 57. Bf6 Re3 58. Kg6 Ne8
59. Rh1 Nxf6 60. Kxf6 Rf3+ 61. Kg5 Rxc3 62. Rh7+ Kd8 63. Rh8+ Kc7 64. Rh7+ Kb6
65. Rd7 c4 66. Rxd6+ Kc5 67. Rh6 Kxd5 68. Kf4 Rd3 69. Rh8 Kd4 70. Rc8 Rd2 71.
Rd8+ Kc3 72. Rc8 Re2 73. Kf3 Re7 74. Kf2 Kd3 75. Rd8+ Kc2 0-1

[Event "Fyrlandskampen 1999"]
[Site "?"]
[Date "????.??.??"]
[Round "1.10"]
[White "Luuppala, Jani"]
[Black "Tallaksen, Geir S."]
[Result "1/2-1/2"]
[WhiteElo "1902"]
[BlackElo "1878"]
[PlyCount "96"]

1. c4 Nf6 2. Nc3 g6 3. g3 Bg7 4. Bg2 c6 5. Nf3 O-O 6. O-O d6 7. d4 Nbd7 8. e4
e5 9. dxe5 Nxe5 10. Nxe5 dxe5 11. Bg5 Be6 12. b3 h6 13. Be3 Qa5 14. Qc2 Rfd8
15. Rfd1 Ng4 16. Bd2 Qc5 17. Be1 b5 18. h3 Nf6 19. cxb5 cxb5 20. Qe2 a6 21.
Rac1 Rac8 22. Bd2 Qa3 23. Be3 Rxd1+ 24. Qxd1 b4 25. Nd5 Rxc1 26. Qxc1 Qxc1+ 27.
Bxc1 Nxd5 28. exd5 Bf5 29. Bf1 a5 30. Be3 Bf8 31. f4 f6 32. fxe5 fxe5 33. Bb6
Bd6 34. g4 Bb1 35. Bc4 Bxa2 36. Bc7 Bc5+ 37. Kg2 a4 38. d6+ Kg7 39. d7 Be7 40.
Bxe5+ Kh7 41. Kf3 Bxb3 42. Bxb3 axb3 43. Ke4 Kg8 44. Kd5 Kf7 45. Kc6 Ke6 46.
Bb2 Bd8 47. Ba1 Bg5 48. Bg7 Bd8 1/2-1/2

[Event "Fyrlandskampen 1999"]
[Site "?"]
[Date "????.??.??"]
[Round "1.11"]
[White "Carlsson, Pontus"]
[Black "El-kher, Henrik"]
[Result "0-1"]
[WhiteElo "2348"]
[BlackElo "2332"]
[PlyCount "114"]

1. e4 c5 2. Nf3 Nc6 3. d4 cxd4 4. Nxd4 Nf6 5. Nc3 e5 6. Ndb5 d6 7. Bg5 a6 8.
Na3 b5 9. Nd5 Be7 10. Bxf6 Bxf6 11. c3 Rb8 12. Nc2 Bg5 13. g3 O-O 14. Bg2 a5
15. a3 a4 16. O-O Na5 17. Ncb4 Bd7 18. Qe2 Nc4 19. Rad1 Bh6 20. Kh1 Kh8 21. f4
exf4 22. gxf4 Qh4 23. Rd4 Bg4 24. Qc2 f5 25. Qf2 Qh5 26. Nc7 fxe4 27. Rxe4 Rf7
28. Ncd5 Rbf8 29. Rfe1 g5 30. Nd3 Bf5 31. Rd4 Bxd3 32. Rxd3 gxf4 33. Rh3 Qg5
34. Bf3 Bg7 35. Rg1 Qf5 36. Rh5 Qe6 37. Qh4 h6 38. Re1 Ne5 39. Be4 f3 40. Qf2
Ng4 41. Qc2 f2 42. Rf1 Re8 43. Bg2 Ne3 44. Nxe3 Qxe3 45. Rxb5 Rf4 46. Rf5 Be5
47. Rxf2 Rh4 48. Rf8+ Rxf8 49. Rxf8+ Kg7 50. Qf2 Rxh2+ 51. Kg1 Qc1+ 52. Qf1
Rxg2+ 53. Kxg2 Qg5+ 54. Kf3 Kxf8 55. Ke4+ Kg7 56. Qb5 Qg2+ 57. Kf5 Qg6# 0-1

[Event "Fyrlandskampen 1999"]
[Site "?"]
[Date "????.??.??"]
[Round "1.12"]
[White "Skytte, Rasmus"]
[Black "Olsson, Anders"]
[Result "1/2-1/2"]
[WhiteElo "2338"]
[BlackElo "2206"]
[PlyCount "82"]

1. e4 e6 2. d4 d5 3. e5 c5 4. c3 Qb6 5. Nf3 Nc6 6. a3 Nh6 7. Bd3 cxd4 8. cxd4
Bd7 9. Bc2 f6 10. exf6 gxf6 11. Nc3 Nf7 12. O-O Bd6 13. b4 Rg8 14. Be3 Rg7 15.
Rc1 Kf8 16. Qd2 Kg8 17. Bf4 Ne7 18. Ba4 Bxf4 19. Qxf4 e5 20. Qe3 Bh3 21. Nh4
Be6 22. Nb5 e4 23. Nc7 Rd8 24. f3 Nf5 25. Nxf5 Bxf5 26. Bb3 exf3 27. Rxf3 Be4
28. Rg3 Rxg3 29. hxg3 Rc8 30. Nxd5 Rxc1+ 31. Qxc1 Bxd5 32. Qc8+ Kg7 33. Qg4+
Ng5 34. Bxd5 Qc7 35. Kh2 b6 36. Qf5 Qd6 37. b5 h5 38. Bc6 Qxd4 39. Qc8 h4 40.
Qc7+ Kh6 41. Qe7 Qf2 1/2-1/2

[Event "Fyrlandskampen 1999"]
[Site "?"]
[Date "????.??.??"]
[Round "1.13"]
[White "Akesson, Joel"]
[Black "Bromann, Torbjoern"]
[Result "0-1"]
[WhiteElo "2207"]
[BlackElo "2312"]
[PlyCount "84"]

1. c4 e5 2. Nc3 d6 3. g3 f5 4. Bg2 Nf6 5. d3 c6 6. Nf3 g6 7. O-O Bg7 8. Qc2 Qe7
9. b4 O-O 10. Bb2 Na6 11. b5 Nc7 12. bxc6 bxc6 13. Nd2 Bd7 14. Rab1 Ne6 15. Ba3
h5 16. Rb7 Nd8 17. Rb3 h4 18. c5 hxg3 19. hxg3 Ng4 20. cxd6 Qg5 21. Nf3 Qh5 22.
Rfb1 Nf7 23. Rb7 Rfd8 24. Na4 Bf8 25. Qc4 e4 26. dxe4 fxe4 27. Qxe4 Bxd6 28.
Bc1 Re8 29. Qd4 c5 30. Qd3 Bxa4 31. Rxf7 Kxf7 32. Qxd6 Rad8 33. Qf4+ Qf5 34.
Rb7+ Rd7 35. Qxa4 Rxb7 36. e4 Qd7 37. Qc4+ Kg7 38. Qc3+ Kg8 39. Bb2 Qd1+ 40.
Bf1 Rxb2 41. Qxb2 Qxf3 42. Bc4+ Kh7 0-1

[Event "Fyrlandskampen 1999"]
[Site "?"]
[Date "????.??.??"]
[Round "1.14"]
[White "Jensen, Bjarke"]
[Black "Rylander, Dennis"]
[Result "1-0"]
[WhiteElo "2164"]
[BlackElo "2150"]
[PlyCount "65"]

1. e4 e6 2. d4 d5 3. Nd2 Nf6 4. e5 Nfd7 5. Bd3 c5 6. c3 Nc6 7. Ne2 cxd4 8. cxd4
f6 9. exf6 Nxf6 10. Nf3 Bd6 11. O-O O-O 12. Bf4 Bxf4 13. Nxf4 Ne4 14. Qc1 Ng5
15. Nxg5 Qxg5 16. Ne2 Qf6 17. Qe3 e5 18. dxe5 Nxe5 19. Bc2 Bg4 20. Ng3 Rae8 21.
Qxa7 h5 22. f3 Bxf3 23. gxf3 h4 24. Nf5 Rc8 25. Rac1 Rxc2 26. Rxc2 Qxf5 27. Re2
Nxf3+ 28. Kh1 Qh3 29. Qf2 d4 30. Qg2 Qxg2+ 31. Kxg2 d3 32. Ref2 h3+ 33. Kg3 1-0

[Event "Fyrlandskampen 1999"]
[Site "?"]
[Date "????.??.??"]
[Round "1.15"]
[White "Eriksson, Jonas"]
[Black "Christensen, Stefan"]
[Result "1-0"]
[WhiteElo "2188"]
[BlackElo "2196"]
[PlyCount "125"]

1. d4 Nf6 2. Nc3 d5 3. Bg5 Bf5 4. f3 c5 5. e4 dxe4 6. Bb5+ Bd7 7. dxc5 Qa5 8.
Qe2 Nc6 9. O-O-O O-O-O 10. fxe4 e5 11. Nf3 Bxc5 12. Qc4 Qb4 13. Qxb4 Bxb4 14.
Bxf6 gxf6 15. Nd5 Bc5 16. Nxf6 Be6 17. a3 Be3+ 18. Kb1 Nd4 19. Nxd4 exd4 20.
Rhf1 Kc7 21. e5 h5 22. Be2 h4 23. h3 Rh6 24. Bg4 Bc4 25. Rfe1 Bf2 26. Re4 Bb5
27. Be2 Bc6 28. Rg4 Rg6 29. Bf3 Bg3 30. Rxg6 fxg6 31. Bxc6 bxc6 32. e6 Kd6 33.
Rxd4+ Ke7 34. Rxd8 Kxd8 35. Ne4 Be5 36. Nc5 Ke7 37. b4 Bd6 38. Nb7 Bc7 39. Nc5
Bd6 40. Ne4 Bc7 41. Ng5 Bd8 42. c4 Kf6 43. Nf3 Kxe6 44. Nd4+ Kd6 45. Kc2 a5 46.
Kd3 axb4 47. axb4 Bf6 48. Nb3 Ke5 49. Na5 Kd6 50. Nb3 Ke5 51. Nd4 Kd6 52. Nf3
Ke6 53. Ke4 Bc3 54. b5 cxb5 55. cxb5 Bf6 56. Kf4 Bd8 57. Kg4 Kf6 58. Nxh4 Bb6
59. Nf3 Be3 60. h4 Bf2 61. Nd2 Ke5 62. b6 Ke6 63. b7 1-0

[Event "Fyrlandskampen 1999"]
[Site "?"]
[Date "????.??.??"]
[Round "1.16"]
[White "Vovk, Oksana"]
[Black "Landgren, Philip"]
[Result "0-1"]
[WhiteElo "2075"]
[BlackElo "2115"]
[PlyCount "102"]

1. d4 Nf6 2. Nf3 g6 3. c4 Bg7 4. Nc3 O-O 5. e3 d6 6. Be2 Nbd7 7. O-O e5 8. Qc2
c6 9. b3 Re8 10. dxe5 dxe5 11. Ba3 e4 12. Nd2 Qa5 13. Bb2 Qf5 14. Rab1 a5 15.
h3 Nc5 16. Ba3 Na6 17. Ncxe4 Nxe4 18. Bd3 Nxd2 19. Bxf5 Nxb1 20. Bxc8 Nxa3 21.
Qc1 Raxc8 22. Qxa3 Nb4 23. Rd1 b5 24. Rd2 Bc3 25. Rd7 Bf6 26. g3 Kg7 27. Kg2
Rcd8 28. Rxd8 Bxd8 29. Qc1 Bf6 30. cxb5 cxb5 31. a3 Nd3 32. Qc6 Rb8 33. Qc7 Ra8
34. Qb7 a4 35. Qxb5 axb3 36. Qxb3 Nb2 37. f4 Rd8 38. Qb5 Rd2+ 39. Kf3 Nd1 40.
Qb3 Rf2+ 41. Ke4 Rf1 42. Kd5 Re1 43. a4 Nxe3+ 44. Kc6 Nf5 45. Qc4 Re3 46. Kb6
Bd4+ 47. Ka6 Rxg3 48. a5 Rxh3 49. Qf1 Ra3 50. Qc1 Ra1 51. Qc6 h5 0-1

[Event "Fyrlandskampen 1999"]
[Site "?"]
[Date "????.??.??"]
[Round "1.17"]
[White "Mansson, Lars"]
[Black "Palo, Davor"]
[Result "1-0"]
[WhiteElo "2120"]
[BlackElo "2141"]
[PlyCount "83"]

1. e4 c5 2. Nf3 Nc6 3. Bb5 g6 4. Bxc6 dxc6 5. h3 Bg7 6. d3 Nf6 7. Nc3 O-O 8.
Be3 Nd7 9. Qd2 Re8 10. Bh6 Bh8 11. O-O Nf8 12. Rae1 Ne6 13. Ng5 Nd4 14. f4 f6
15. Nf3 c4 16. f5 cxd3 17. Qxd3 e5 18. Qc4+ Ne6 19. fxe6 Bxe6 20. Qc5 g5 21. h4
g4 22. Nd2 Qd7 23. Ne2 b6 24. Qe3 c5 25. Ng3 Rad8 26. b3 Qf7 27. Nf5 Rd7 28.
Nb1 Qg6 29. Nc3 Qh5 30. Qf2 Red8 31. Be3 Kf8 32. Qg3 c4 33. Bc1 cxb3 34. axb3
a6 35. Ne3 Bg7 36. Ncd5 Rf7 37. Ba3+ Kg8 38. Rd1 Kh8 39. Nxb6 Re8 40. Nf5 Bxf5
41. Rxf5 Qg6 42. h5 1-0

[Event "Fyrlandskampen 1999"]
[Site "?"]
[Date "????.??.??"]
[Round "1.18"]
[White "Rasmussen, Allan"]
[Black "Tikkanen, Hans"]
[Result "1-0"]
[WhiteElo "2183"]
[BlackElo "2157"]
[PlyCount "67"]

1. e4 c5 2. f4 d5 3. exd5 Qxd5 4. Nc3 Qd8 5. Nf3 Nc6 6. Bb5 Bd7 7. Qe2 Nh6 8.
Ne4 e6 9. b3 Nf5 10. Bb2 Be7 11. c3 Qc7 12. g3 O-O 13. Bd3 a6 14. Qf2 b6 15.
Rg1 Nd6 16. O-O-O Nxe4 17. Bxe4 Bf6 18. Ng5 g6 19. g4 Bxg5 20. fxg5 Rae8 21.
Qh4 b5 22. Rg3 f5 23. gxf6 Rb8 24. Rh3 Be8 25. g5 c4 26. Re1 Rb7 27. Rhe3 Bf7
28. Qh6 Be8 29. Bxc6 Bxc6 30. Rxe6 Qf4 31. Ba3 Rd8 32. Re8+ Rxe8 33. Rxe8+ Bxe8
34. Qf8# 1-0

[Event "Fyrlandskampen 1999"]
[Site "?"]
[Date "????.??.??"]
[Round "1.19"]
[White "Andersson, Fredrik"]
[Black "Boehlke, Christian"]
[Result "1-0"]
[WhiteElo "2153"]
[BlackElo "2085"]
[PlyCount "135"]

1. e4 e6 2. d4 d5 3. Nc3 Nf6 4. e5 Nfd7 5. f4 c5 6. Nf3 Nc6 7. Be3 a6 8. Qd2 b5
9. dxc5 Bxc5 10. Qf2 Qe7 11. Bd3 Bxe3 12. Qxe3 Qb4 13. Qd2 Qc5 14. Qf2 Bb7 15.
Qxc5 Nxc5 16. Ne2 b4 17. Nfd4 Rc8 18. Kd2 O-O 19. a3 a5 20. axb4 axb4 21. Nxc6
Rxc6 22. Nd4 Rb6 23. Ra5 Nd7 24. Re1 Rc8 25. g4 Nc5 26. Rea1 Nd7 27. Ra7 g5 28.
Bb5 Nc5 29. f5 exf5 30. gxf5 Rh6 31. Rh1 Rh4 32. Nf3 Rg4 33. Rg1 Rxg1 34. Nxg1
Rd8 35. Nf3 Ne4+ 36. Ke3 Bc8 37. Ra8 Rf8 38. Nd4 Bb7 39. Rxf8+ Kxf8 40. Bc6
Bxc6 41. Nxc6 f6 42. Kd4 fxe5+ 43. Kxe5 h5 44. Nxb4 Nd2 45. Kf6 Nf3 46. Kg6 h4
47. Kh5 Nxh2 48. Kxg5 Nf3+ 49. Kg4 Nd4 50. Kxh4 Nxf5+ 51. Kg5 Ne3 52. Kf4 Nd1
53. b3 Ke7 54. Ke5 d4 55. Kxd4 Kd6 56. c4 Nf2 57. c5+ Kc7 58. Nd3 Ng4 59. b4
Nf6 60. b5 Nh7 61. Ne5 Nf6 62. Kc4 Kb7 63. Kb4 Ne4 64. Nc4 Kc7 65. b6+ Kc6 66.
Na5+ Kd5 67. c6 Kd6 68. Kb5 1-0

[Event "Fyrlandskampen 1999"]
[Site "?"]
[Date "????.??.??"]
[Round "1.20"]
[White "Nielsen, Simon S."]
[Black "Lindberg, Bosse"]
[Result "1-0"]
[WhiteElo "2033"]
[BlackElo "2170"]
[PlyCount "135"]

1. d4 Nf6 2. c4 e6 3. Nc3 Bb4 4. a3 Bxc3+ 5. bxc3 c5 6. f3 d5 7. cxd5 Nxd5 8.
Qd2 Nc6 9. e4 Nc7 10. Bb2 b6 11. Rd1 Qe7 12. Kf2 Bb7 13. d5 O-O-O 14. c4 e5 15.
Bd3 Nd4 16. Ne2 h5 17. Bxd4 cxd4 18. Qb4 Qh4+ 19. g3 Qg5 20. f4 exf4 21. gxf4
Qh4+ 22. Kf1 Rh6 23. h3 Kb8 24. Qe1 Qe7 25. Qb4 Qh4 26. Qe1 Qe7 27. Ra1 Qd6 28.
Qf2 Na6 29. Nxd4 Nc5 30. Bc2 g6 31. Nb5 Qe7 32. e5 g5 33. Re1 Rf8 34. Rg1 Qd7
35. fxg5 Qxh3+ 36. Qg2 Qh4 37. gxh6 Qxc4+ 38. Qe2 Qf4+ 39. Qf2 Qc4+ 40. Kg2
Qxb5 41. h7 Nd3 42. Bxd3 Qxd3 43. Kh2 Qxh7 44. d6 Bc8 45. e6 Qd3 46. d7 Bxd7
47. Rd1 Qxa3 48. exd7 Qe7 49. Rge1 Qd8 50. Qf4+ Kb7 51. Qe4+ Kb8 52. Qe5+ Kb7
53. Qd5+ Kb8 54. Qd6+ Kb7 55. Qd5+ Kb8 56. Kh3 Rg8 57. Rc1 a5 58. Rc8+ Qxc8 59.
dxc8=Q+ Rxc8 60. Qd7 Rc3+ 61. Kh4 Rc4+ 62. Kxh5 Rc5+ 63. Kh6 Rc7 64. Re8+ Kb7
65. Qd5+ Ka6 66. Ra8+ Ra7 67. Qc4+ Kb7 68. Qc8# 1-0

[Event "Fyrlandskampen 1999"]
[Site "?"]
[Date "????.??.??"]
[Round "2.1"]
[White "Kallio, Heikki"]
[Black "El-kher, Henrik"]
[Result "1-0"]
[WhiteElo "2360"]
[BlackElo "2332"]
[PlyCount "65"]

1. e4 c5 2. Nf3 Nc6 3. Nc3 e6 4. d4 cxd4 5. Nxd4 Nf6 6. Be2 Bb4 7. O-O Bxc3 8.
bxc3 Nxe4 9. Bd3 d5 10. Ba3 Nxd4 11. cxd4 Qa5 12. Qc1 Bd7 13. Rb1 Bc6 14. Bb4
Qc7 15. Qa3 Qf4 16. Rbe1 Nd2 17. Qc1 Nf3+ 18. gxf3 Qxd4 19. Bd6 O-O-O 20. Bg3
Rhe8 21. Qa3 e5 22. Bf5+ Kb8 23. c3 Qc4 24. Rxe5 Ka8 25. Qb3 Rxe5 26. Bxe5 Qe2
27. Bd4 Bb5 28. Rb1 Ba6 29. Qd1 Qxa2 30. Bd3 Bxd3 31. Qxd3 a6 32. Re1 Qa3 33.
Qf5 1-0

[Event "Fyrlandskampen 1999"]
[Site "?"]
[Date "????.??.??"]
[Round "2.2"]
[White "Skytte, Rasmus"]
[Black "Karttunen, Mika"]
[Result "1/2-1/2"]
[WhiteElo "2338"]
[BlackElo "2224"]
[PlyCount "131"]

1. e4 c6 2. d4 d5 3. Nc3 dxe4 4. Nxe4 Nf6 5. Nxf6+ gxf6 6. c3 Bf5 7. Nf3 e6 8.
g3 Qd5 9. Bg2 Qc4 10. Bf1 Qd5 11. Bg2 Qc4 12. Nh4 Bd3 13. Qd2 a5 14. b3 Qa6 15.
Bb2 Nd7 16. c4 Bb4 17. Bc3 Bxc3 18. Qxc3 Bg6 19. O-O O-O 20. Rfe1 Rac8 21. Rad1
b5 22. Rd2 Rfd8 23. Rc1 Nb6 24. Nxg6 hxg6 25. h4 Kg7 26. Bf3 Qa7 27. Kg2 a4 28.
h5 gxh5 29. Bxh5 axb3 30. axb3 Qa3 31. Qc2 Rh8 32. Bf3 bxc4 33. Qb2 Qxb3 34.
Qxb3 cxb3 35. Rb2 c5 36. Rxb3 cxd4 37. Rd1 Nc4 38. Rxd4 Ne5 39. Bd1 Rhd8 40.
Rxd8 Rxd8 41. Be2 Rd2 42. Kf1 f5 43. Rb7 Kg6 44. Rc7 Nd7 45. Rc4 Nf6 46. Rc8
Ne4 47. Rh8 e5 48. Re8 Kf6 49. Ke1 Rb2 50. Kf1 Ra2 51. Rb8 Rc2 52. Rb7 Ng5 53.
Bh5 e4 54. Rb6+ Kg7 55. Rb5 Kh6 56. Bd1 Rc1 57. Ke2 Nf3 58. Rb6+ Kg5 59. Rb7
Kg6 60. Rb6+ f6 61. Rb8 f4 62. gxf4 Kf5 63. Rb6 Ra1 64. Rd6 Rb1 65. Ra6 Rb2+
66. Ke3 1/2-1/2

[Event "Fyslandskampen 1999"]
[Site "?"]
[Date "????.??.??"]
[Round "2.3"]
[White "Lehtinen, Heikki"]
[Black "Bromann, Torbjoern"]
[Result "1-0"]
[WhiteElo "2224"]
[BlackElo "2312"]
[PlyCount "77"]

1. g3 e5 2. c4 f5 3. Bg2 Nf6 4. Nc3 c6 5. d4 d6 6. dxe5 dxe5 7. Qxd8+ Kxd8 8.
Nf3 Bd6 9. O-O e4 10. Nd4 Ke7 11. f3 exf3 12. Rxf3 g6 13. e4 Rd8 14. Be3 Be5
15. Rd1 fxe4 16. Rff1 Bg4 17. Rd2 c5 18. Nb3 Rxd2 19. Nxd2 Bd4 20. Bxd4 cxd4
21. Ncxe4 Nxe4 22. Re1 Bf5 23. Nxe4 Nd7 24. Nc5+ Kf6 25. Nxb7 d3 26. Rd1 Ne5
27. Nd6 Rd8 28. Nxf5 gxf5 29. Bd5 Kg5 30. h4+ Kf6 31. b4 Ke7 32. Kf2 Kd6 33.
Ke3 Rd7 34. Kd4 Re7 35. a4 Ng4 36. Rxd3 Re1 37. a5 Ne5 38. Rd2 Rb1 39. c5+ 1-0

[Event "Fyrlandskampen 1999"]
[Site "?"]
[Date "????.??.??"]
[Round "2.4"]
[White "Jensen, Bjarke"]
[Black "Molander, Riku"]
[Result "1/2-1/2"]
[WhiteElo "2164"]
[BlackElo "2234"]
[PlyCount "81"]

1. e4 c5 2. Nf3 d6 3. d4 cxd4 4. Nxd4 Nf6 5. Nc3 g6 6. f4 Bg7 7. e5 Nh5 8. Bb5+
Bd7 9. e6 Bxb5 10. exf7+ Kxf7 11. Ndxb5 Nf6 12. O-O Nc6 13. Be3 Qc8 14. Qe2 a6
15. Nd4 Nxd4 16. Bxd4 Qf5 17. Qc4+ Qe6 18. Qxe6+ Kxe6 19. f5+ gxf5 20. Rae1+
Kd7 21. Rxf5 Rhf8 22. Rf3 Rae8 23. Rh3 Rf7 24. Rd3 Rg8 25. Na4 b5 26. Nc5+ dxc5
27. Bxf6+ Ke8 28. Bxg7 Rfxg7 29. g3 Rf7 30. Rd6 Rg6 31. Rd5 c4 32. Red1 Kf8 33.
Rd8+ Kg7 34. R1d2 Re6 35. Kg2 Re1 36. Ra8 Rf6 37. Ra7 Kf7 38. c3 Ree6 39. Rad7
Re1 40. R2d5 Ree6 41. Rd8 1/2-1/2

[Event "Fyrlandskampen 1999"]
[Site "?"]
[Date "????.??.??"]
[Round "2.5"]
[White "Sorsa, Nuutti"]
[Black "Christensen, Stefan"]
[Result "1-0"]
[WhiteElo "2187"]
[BlackElo "2196"]
[PlyCount "31"]

1. e4 e6 2. d4 d5 3. exd5 exd5 4. Nf3 Bd6 5. c4 c6 6. Nc3 Ne7 7. Be2 O-O 8. O-O
dxc4 9. Bxc4 Bg4 10. Re1 Qd7 11. Bg5 Nf5 12. Re4 Bxf3 13. Qxf3 Na6 14. Qh3 Nb8
15. Rg4 Ne7 16. Ne4 1-0

[Event "Fyrlandskampen 1999"]
[Site "?"]
[Date "????.??.??"]
[Round "2.6"]
[White "Vovk, Oksana"]
[Black "Lehtinen, Antti"]
[Result "1-0"]
[WhiteElo "2075"]
[BlackElo "2167"]
[PlyCount "55"]

1. d4 d5 2. Nf3 c6 3. e3 Bg4 4. c4 e6 5. Qb3 Qc7 6. Ne5 Bf5 7. cxd5 exd5 8. Bd3
Bxd3 9. Nxd3 Nf6 10. Nd2 Nbd7 11. O-O Ne4 12. f3 Nxd2 13. Bxd2 Bd6 14. h3 O-O
15. e4 Qb6 16. Qa4 Qd8 17. Ba5 Qh4 18. Be1 Qh6 19. Bf2 Bc7 20. Rac1 Rfe8 21.
Rfe1 dxe4 22. fxe4 Nf6 23. d5 b5 24. Qa3 Rxe4 25. Rxc6 b4 26. Qa6 Rxe1+ 27.
Bxe1 Bf4 28. Rc8+ 1-0

[Event "Fyrlandskampen 1999"]
[Site "?"]
[Date "????.??.??"]
[Round "2.8"]
[White "Rasmussen, Allan"]
[Black "Liitiaeinen, Elia"]
[Result "1-0"]
[WhiteElo "2183"]
[BlackElo "2017"]
[PlyCount "65"]

1. e4 c5 2. f4 Nc6 3. Nf3 g6 4. d4 cxd4 5. Nxd4 Bg7 6. Nb3 d6 7. Nc3 Nf6 8. Be2
O-O 9. Be3 Bd7 10. O-O a6 11. a4 Nb4 12. Bf3 Qc8 13. h3 Ne8 14. Qd2 Nc7 15. Bb6
Ne6 16. Nd5 Nxd5 17. exd5 Nc7 18. Nd4 Ne8 19. Rfe1 Bf6 20. Ra3 Ng7 21. Rd3 Qe8
22. b3 Rc8 23. Rde3 Bxd4 24. Bxd4 Nf5 25. R3e2 Nxd4 26. Qxd4 Qd8 27. Rxe7 Rxc2
28. Qf6 Bc8 29. h4 Rc7 30. h5 Rxe7 31. Rxe7 Qb6+ 32. Kh2 Bf5 33. h6 1-0

[Event "Fyrlandskampen 1999"]
[Site "?"]
[Date "????.??.??"]
[Round "2.9"]
[White "Kapanen, Konsta"]
[Black "Boehlke, Christian"]
[Result "1-0"]
[WhiteElo "1956"]
[BlackElo "2085"]
[PlyCount "87"]

1. Nf3 f5 2. g3 Nf6 3. Bg2 g6 4. O-O Bg7 5. c4 O-O 6. Nc3 c6 7. d4 d6 8. d5 e5
9. dxe6 Bxe6 10. Qd3 Na6 11. Ng5 Qe7 12. Bf4 Rad8 13. Rad1 Ne8 14. Qe3 Nec7 15.
Nd5 Qe8 16. Nxc7 Nxc7 17. Bxd6 Rxd6 18. Rxd6 Bxc4 19. Qxe8 Rxe8 20. Bf3 Be5 21.
Rd2 Ne6 22. Nxe6 Bxe6 23. b3 Kf7 24. e3 Ke7 25. Rfd1 Rc8 26. Rc1 Rc7 27. Bg2
Rd7 28. Rxd7+ Kxd7 29. h3 Kd6 30. f4 Bf6 31. Bf3 h5 32. Kg2 a5 33. e4 Bd4 34.
exf5 Bxf5 35. g4 hxg4 36. hxg4 Be6 37. Kg3 a4 38. Bd1 Bb2 39. Rc2 a3 40. Rd2+
Ke7 41. Bc2 c5 42. Bxg6 Bxb3 43. Rxb2 axb2 44. axb3 1-0